[Event "April 9 Early 2024"]
[Site "Chess.com"]
[Date "2024.04.09"]
[Round "9"]
[White "Murthy, Pappu"]
[Black "Yevchenko, Oleksandr"]
[Result "0-1"]
[Board "188"]
[WhiteFideId "2013401"]
[BlackFideId "14108267"]
[BlackTitle "CM"]
[WhiteElo "1957"]
[BlackElo "2249"]
[WhiteTeam "USA"]
[BlackTeam "UKR"]
[WhiteClock "0:00:00"]
[BlackClock "0:00:04"]
[Variant "Standard"]

1. e4 {[%clk 0:01:44]}  c5 {[%clk 0:02:58]} 2. Nf3 {[%clk 0:01:43]}  d6 {[%clk 0:02:58]} 3. d4 {[%clk 0:01:43]}  cxd4 {[%clk 0:02:58]} 4. Nxd4 {[%clk 0:01:44]}  Nf6 {[%clk 0:02:59]} 5. Nc3 {[%clk 0:01:45]}  a6 {[%clk 0:03:00]} 6. h3 {[%clk 0:01:42]}  e5 {[%clk 0:02:58]} 7. Nf3 {[%clk 0:01:42]}  Be7 {[%clk 0:02:28]} 8. g4 {[%clk 0:01:41]}  h6 {[%clk 0:02:21]} 9. g5 {[%clk 0:01:35]}  hxg5 {[%clk 0:02:20]} 10. Bxg5 {[%clk 0:01:34]}  Be6 {[%clk 0:02:14]} 11. Qd2 {[%clk 0:01:34]}  Nbd7 {[%clk 0:02:12]} 12. Bg2 {[%clk 0:01:32]}  Nb6 {[%clk 0:01:57]} 13. O-O-O {[%clk 0:01:21]}  Nc4 {[%clk 0:01:54]} 14. Qe2 {[%clk 0:01:20]}  Qb6 {[%clk 0:01:34]} 15. b3 {[%clk 0:01:12]}  Na3 {[%clk 0:01:12]} 16. Bxf6 {[%clk 0:01:06]}  Bxf6 {[%clk 0:01:07]} 17. Nd5 {[%clk 0:01:04]}  Bxd5 {[%clk 0:01:05]} 18. Rxd5 {[%clk 0:01:04]}  Rc8 {[%clk 0:00:53]} 19. c4 {[%clk 0:01:02]}  O-O {[%clk 0:00:40]} 20. Nd2 {[%clk 0:00:56]}  Nb5 {[%clk 0:00:38]} 21. Kb2 {[%clk 0:00:52]}  Nd4 {[%clk 0:00:36]} 22. Qd3 {[%clk 0:00:50]}  a5 {[%clk 0:00:35]} 23. a4 {[%clk 0:00:48]}  Rfd8 {[%clk 0:00:26]} 24. Nb1 {[%clk 0:00:45]}  Rc5 {[%clk 0:00:22]} 25. Na3 {[%clk 0:00:43]}  Rxd5 {[%clk 0:00:20]} 26. cxd5 {[%clk 0:00:41]}  Rc8 {[%clk 0:00:20]} 27. Rd1 {[%clk 0:00:31]}  Bg5 {[%clk 0:00:18]} 28. Bf1 {[%clk 0:00:29]}  Qb4 {[%clk 0:00:18]} 29. Nc4 {[%clk 0:00:23]}  b5 {[%clk 0:00:12]} 30. axb5 {[%clk 0:00:21]}  a4 {[%clk 0:00:12]} 31. Ra1 {[%clk 0:00:10]}  axb3 {[%clk 0:00:10]} 32. Ra3 {[%clk 0:00:07]}  Qxb5 {[%clk 0:00:09]} 33. Nxe5 {[%clk 0:00:04]}  dxe5 {[%clk 0:00:07]} 34. Qxb5 {[%clk 0:00:04]}  Rc2+ {[%clk 0:00:07]} 35. Kb1 {[%clk 0:00:02]}  Rc1+ {[%clk 0:00:07]} 36. Kb2 {[%clk 0:00:02]}  Rc2+ {[%clk 0:00:06]} 37. Kb1 {[%clk 0:00:02]}  Nxb5 {[%clk 0:00:06]} 38. Bxb5 {[%clk 0:00:00]}  Rc1+ {[%clk 0:00:04]} 0-1

[Event "April 9 Early 2024"]
[Site "Chess.com"]
[Date "2024.04.09"]
[Round "9"]
[White "Ghevondyan, Arman"]
[Black "Piddubna, Bozhena"]
[Result "1-0"]
[Board "191"]
[WhiteFideId "13312073"]
[BlackFideId "34109293"]
[WhiteTitle "CM"]
[BlackTitle "WCM"]
[WhiteElo "2647"]
[BlackElo "2189"]
[WhiteTeam "ARM"]
[BlackTeam "UKR"]
[WhiteClock "0:00:59"]
[BlackClock "0:00:00"]
[Variant "Standard"]

1. e4 {[%clk 0:03:00]}  e5 {[%clk 0:03:00]} 2. Nf3 {[%clk 0:03:00]}  Nc6 {[%clk 0:02:59]} 3. Nc3 {[%clk 0:03:00]}  Nf6 {[%clk 0:02:59]} 4. d3 {[%clk 0:02:59]}  d5 {[%clk 0:02:54]} 5. exd5 {[%clk 0:03:00]}  Nxd5 {[%clk 0:02:54]} 6. Be2 {[%clk 0:02:58]}  Bb4 {[%clk 0:02:53]} 7. Bd2 {[%clk 0:02:58]}  Nf4 {[%clk 0:02:40]} 8. Bxf4 {[%clk 0:02:53]}  exf4 {[%clk 0:02:41]} 9. O-O {[%clk 0:02:52]}  O-O {[%clk 0:02:27]} 10. a3 {[%clk 0:02:52]}  Be7 {[%clk 0:02:12]} 11. d4 {[%clk 0:02:44]}  Bf6 {[%clk 0:01:58]} 12. d5 {[%clk 0:02:42]}  Ne7 {[%clk 0:01:57]} 13. Bc4 {[%clk 0:02:40]}  Bg4 {[%clk 0:01:52]} 14. h3 {[%clk 0:02:15]}  Bh5 {[%clk 0:01:50]} 15. Be2 {[%clk 0:01:52]}  Bxc3 {[%clk 0:01:46]} 16. bxc3 {[%clk 0:01:51]}  Nxd5 {[%clk 0:01:46]} 17. Qd4 {[%clk 0:01:47]}  c5 {[%clk 0:01:34]} 18. Qxc5 {[%clk 0:01:44]}  Rc8 {[%clk 0:01:33]} 19. Qb5 {[%clk 0:01:41]}  Nxc3 {[%clk 0:01:29]} 20. Qxh5 {[%clk 0:01:40]}  Nxe2+ {[%clk 0:01:29]} 21. Kh2 {[%clk 0:01:37]}  Rxc2 {[%clk 0:01:24]} 22. Qf5 {[%clk 0:01:30]}  Qc8 {[%clk 0:01:16]} 23. Qh5 {[%clk 0:01:28]}  h6 {[%clk 0:01:04]} 24. Rad1 {[%clk 0:01:26]}  Rc5 {[%clk 0:00:28]} 25. Ne5 {[%clk 0:01:23]}  Nc3 {[%clk 0:00:17]} 26. Rc1 {[%clk 0:01:23]}  Qe6 {[%clk 0:00:13]} 27. Rfe1 {[%clk 0:01:23]}  Rfc8 {[%clk 0:00:03]} 28. Qg4 {[%clk 0:01:06]}  Qxg4 {[%clk 0:00:02]} 29. hxg4 {[%clk 0:01:03]}  Na4 {[%clk 0:00:00]} 30. Rb1 {[%clk 0:00:59]} 1-0

[Event "April 9 Early 2024"]
[Site "Chess.com"]
[Date "2024.04.09"]
[Round "9"]
[White "Vargas, Mauricio"]
[Black "Quirke, Jeffrey"]
[Result "0-1"]
[Board "196"]
[WhiteFideId "4404572"]
[BlackFideId "2013029"]
[WhiteTitle "FM"]
[WhiteElo "1894"]
[BlackElo "2226"]
[WhiteTeam "COL"]
[BlackTeam "USA"]
[WhiteClock "0:01:05"]
[BlackClock "0:01:33"]
[Variant "Standard"]

1. e4 {[%clk 0:03:00]}  c5 {[%clk 0:02:58]} 2. Nc3 {[%clk 0:02:56]}  Nc6 {[%clk 0:02:58]} 3. f4 {[%clk 0:02:57]}  g6 {[%clk 0:02:57]} 4. Nf3 {[%clk 0:02:58]}  Bg7 {[%clk 0:02:58]} 5. Bb5 {[%clk 0:02:58]}  Nd4 {[%clk 0:02:56]} 6. Bf1 {[%clk 0:02:58]}  e6 {[%clk 0:02:54]} 7. d3 {[%clk 0:02:57]}  Ne7 {[%clk 0:02:54]} 8. g3 {[%clk 0:02:44]}  O-O {[%clk 0:02:48]} 9. Bg2 {[%clk 0:02:44]}  d6 {[%clk 0:02:45]} 10. O-O {[%clk 0:02:43]}  b6 {[%clk 0:02:44]} 11. Ne2 {[%clk 0:02:39]}  Bb7 {[%clk 0:02:41]} 12. Nexd4 {[%clk 0:02:33]}  cxd4 {[%clk 0:02:41]} 13. Rf2 {[%clk 0:02:28]}  Rc8 {[%clk 0:02:40]} 14. Re2 {[%clk 0:02:17]}  b5 {[%clk 0:02:39]} 15. Bd2 {[%clk 0:02:16]}  a5 {[%clk 0:02:36]} 16. Rc1 {[%clk 0:02:13]}  b4 {[%clk 0:02:32]} 17. Qe1 {[%clk 0:02:09]}  Qb6 {[%clk 0:02:32]} 18. h3 {[%clk 0:02:05]}  Rc7 {[%clk 0:02:19]} 19. g4 {[%clk 0:01:59]}  Rfc8 {[%clk 0:02:19]} 20. Qd1 {[%clk 0:01:46]}  a4 {[%clk 0:02:19]} 21. f5 {[%clk 0:01:44]}  Ba6 {[%clk 0:02:16]} 22. Be1 {[%clk 0:01:38]}  b3 {[%clk 0:02:08]} 23. axb3 {[%clk 0:01:37]}  axb3 {[%clk 0:02:08]} 24. c3 {[%clk 0:01:33]}  dxc3+ {[%clk 0:02:01]} 25. Kh1 {[%clk 0:01:32]}  cxb2 {[%clk 0:01:55]} 26. Rxc7 {[%clk 0:01:29]}  Qxc7 {[%clk 0:01:48]} 27. Rxb2 {[%clk 0:01:27]}  Bxb2 {[%clk 0:01:47]} 28. Qxb3 {[%clk 0:01:21]}  Qc2 {[%clk 0:01:34]} 29. Qxb2 {[%clk 0:01:05]}  Qxb2 {[%clk 0:01:33]} 0-1

[Event "April 9 Early 2024"]
[Site "Chess.com"]
[Date "2024.04.09"]
[Round "9"]
[White "Roberts, Tallulah"]
[Black "Valtiner, Adamo"]
[Result "0-1"]
[Board "198"]
[WhiteFideId "15600572"]
[BlackFideId "1647962"]
[WhiteTitle "WCM"]
[BlackTitle "CM"]
[WhiteElo "1551"]
[BlackElo "2168"]
[WhiteTeam "JCI"]
[BlackTeam "AUT"]
[WhiteClock "0:00:00"]
[BlackClock "0:01:36"]
[Variant "Standard"]

1. e4 {[%clk 0:03:00]}  d5 {[%clk 0:03:00]} 2. exd5 {[%clk 0:03:00]}  Qxd5 {[%clk 0:03:00]} 3. Nf3 {[%clk 0:02:59]}  Nc6 {[%clk 0:03:00]} 4. Be2 {[%clk 0:02:58]}  Nf6 {[%clk 0:02:59]} 5. O-O {[%clk 0:02:51]}  e5 {[%clk 0:02:59]} 6. c4 {[%clk 0:02:48]}  Qd8 {[%clk 0:02:57]} 7. Nc3 {[%clk 0:02:43]}  Bd6 {[%clk 0:02:58]} 8. a3 {[%clk 0:02:39]}  O-O {[%clk 0:02:57]} 9. b4 {[%clk 0:02:39]}  Nd4 {[%clk 0:02:57]} 10. Bb2 {[%clk 0:02:33]}  c6 {[%clk 0:02:57]} 11. Bd3 {[%clk 0:02:19]}  Bg4 {[%clk 0:02:56]} 12. Re1 {[%clk 0:02:12]}  Bxf3 {[%clk 0:02:53]} 13. gxf3 {[%clk 0:02:12]}  Nh5 {[%clk 0:02:54]} 14. Ne4 {[%clk 0:02:08]}  Nf4 {[%clk 0:02:53]} 15. Bxd4 {[%clk 0:01:55]}  exd4 {[%clk 0:02:53]} 16. Bf1 {[%clk 0:01:45]}  f5 {[%clk 0:02:50]} 17. Ng3 {[%clk 0:01:45]}  h5 {[%clk 0:02:47]} 18. d3 {[%clk 0:01:25]}  Qg5 {[%clk 0:02:47]} 19. Kh1 {[%clk 0:01:21]}  h4 {[%clk 0:02:46]} 20. Ne2 {[%clk 0:01:15]}  h3 {[%clk 0:02:44]} 21. Ng3 {[%clk 0:01:06]}  Ng2 {[%clk 0:02:43]} 22. Bxg2 {[%clk 0:01:01]}  hxg2+ {[%clk 0:02:42]} 23. Kg1 {[%clk 0:00:52]}  Rae8 {[%clk 0:02:42]} 24. Qc1 {[%clk 0:00:48]}  Bf4 {[%clk 0:02:39]} 25. Qb2 {[%clk 0:00:43]}  Rxe1+ {[%clk 0:02:19]} 26. Rxe1 {[%clk 0:00:42]}  Bd2 {[%clk 0:02:20]} 27. Rd1 {[%clk 0:00:37]}  Bc3 {[%clk 0:02:19]} 28. Qe2 {[%clk 0:00:33]}  Kf7 {[%clk 0:02:18]} 29. Qe5 {[%clk 0:00:30]}  Re8 {[%clk 0:02:14]} 30. Qxf5+ {[%clk 0:00:26]}  Qxf5 {[%clk 0:02:12]} 31. Nxf5 {[%clk 0:00:27]}  Re2 {[%clk 0:02:08]} 32. Kxg2 {[%clk 0:00:25]}  Ra2 {[%clk 0:02:06]} 33. Nd6+ {[%clk 0:00:20]}  Ke6 {[%clk 0:02:06]} 34. Ne4 {[%clk 0:00:19]}  Rxa3 {[%clk 0:02:06]} 35. Rc1 {[%clk 0:00:19]}  Rb3 {[%clk 0:02:05]} 36. Nc5+ {[%clk 0:00:16]}  Kd6 {[%clk 0:01:58]} 37. Nxb3 {[%clk 0:00:16]}  b6 {[%clk 0:01:57]} 38. Na1 {[%clk 0:00:16]}  Bxb4 {[%clk 0:01:53]} 39. Rb1 {[%clk 0:00:15]}  a5 {[%clk 0:01:47]} 40. Nc2 {[%clk 0:00:15]}  Bc5 {[%clk 0:01:48]} 41. Ra1 {[%clk 0:00:13]}  Ke5 {[%clk 0:01:44]} 42. Kg3 {[%clk 0:00:13]}  Kf5 {[%clk 0:01:44]} 43. Ne1 {[%clk 0:00:13]}  Bb4 {[%clk 0:01:42]} 44. Ng2 {[%clk 0:00:13]}  Bc3 {[%clk 0:01:42]} 45. Ra3 {[%clk 0:00:13]}  b5 {[%clk 0:01:41]} 46. cxb5 {[%clk 0:00:14]}  cxb5 {[%clk 0:01:42]} 47. Rb3 {[%clk 0:00:13]}  b4 {[%clk 0:01:42]} 48. h4 {[%clk 0:00:13]}  a4 {[%clk 0:01:42]} 49. Rb1 {[%clk 0:00:11]}  a3 {[%clk 0:01:38]} 50. Nf4 {[%clk 0:00:08]}  a2 {[%clk 0:01:38]} 51. Rc1 {[%clk 0:00:07]}  b3 {[%clk 0:01:37]} 52. Nd5 {[%clk 0:00:07]}  b2 {[%clk 0:01:37]} 53. Rd1 {[%clk 0:00:05]}  b1=Q {[%clk 0:01:36]} 54. Ne7+ {[%clk 0:00:02]}  Kf6 {[%clk 0:01:35]} 55. Nd5+ {[%clk 0:00:02]}  Kf7 {[%clk 0:01:36]} 56. Rxb1 {[%clk 0:00:00]}  axb1=Q {[%clk 0:01:36]} 0-1

[Event "April 9 Early 2024"]
[Site "Chess.com"]
[Date "2024.04.10"]
[Round "9"]
[White "Schirmbeck, Lilian"]
[Black "Pertinez Soria, Juan Luis"]
[Result "1-0"]
[Board "199"]
[WhiteFideId "34620532"]
[BlackFideId "2225620"]
[WhiteTitle "WCM"]
[BlackTitle "CM"]
[WhiteElo "1515"]
[BlackElo "2149"]
[WhiteTeam "GER"]
[BlackTeam "ESP"]
[WhiteClock "0:00:19"]
[BlackClock "0:01:34"]
[Variant "Standard"]

1. g3 {[%clk 0:03:00]}  Nf6 {[%clk 0:02:57]} 2. Bg2 {[%clk 0:03:00]}  d5 {[%clk 0:02:57]} 3. d4 {[%clk 0:03:00]}  c6 {[%clk 0:02:58]} 4. Nf3 {[%clk 0:02:57]}  Bf5 {[%clk 0:02:57]} 5. O-O {[%clk 0:02:55]}  Nbd7 {[%clk 0:02:58]} 6. c4 {[%clk 0:02:55]}  e6 {[%clk 0:02:58]} 7. Nc3 {[%clk 0:02:53]}  Be7 {[%clk 0:02:56]} 8. Bf4 {[%clk 0:02:48]}  h6 {[%clk 0:02:52]} 9. Qb3 {[%clk 0:02:40]}  b6 {[%clk 0:02:49]} 10. cxd5 {[%clk 0:02:35]}  exd5 {[%clk 0:02:48]} 11. Rac1 {[%clk 0:02:31]}  O-O {[%clk 0:02:47]} 12. Ne5 {[%clk 0:02:30]}  Nxe5 {[%clk 0:02:43]} 13. dxe5 {[%clk 0:02:29]}  Ne8 {[%clk 0:02:41]} 14. e4 {[%clk 0:02:17]}  dxe4 {[%clk 0:02:40]} 15. Nxe4 {[%clk 0:02:15]}  Qc8 {[%clk 0:02:29]} 16. Nd6 {[%clk 0:02:12]}  Qe6 {[%clk 0:02:25]} 17. Bxc6 {[%clk 0:01:52]}  Bxd6 {[%clk 0:02:20]} 18. Bxa8 {[%clk 0:01:50]}  Bc5 {[%clk 0:02:17]} 19. Qxe6 {[%clk 0:01:48]}  Bxe6 {[%clk 0:02:14]} 20. b3 {[%clk 0:01:41]}  a5 {[%clk 0:02:14]} 21. Bc6 {[%clk 0:01:39]}  Nc7 {[%clk 0:02:14]} 22. Rfd1 {[%clk 0:01:37]}  Bg4 {[%clk 0:02:09]} 23. Rd3 {[%clk 0:01:29]}  Ne6 {[%clk 0:02:09]} 24. Be3 {[%clk 0:01:24]}  Ba3 {[%clk 0:02:05]} 25. Rc2 {[%clk 0:01:18]}  Rc8 {[%clk 0:02:03]} 26. Bxb6 {[%clk 0:01:13]}  Bf5 {[%clk 0:02:01]} 27. Be4 {[%clk 0:00:57]}  Rxc2 {[%clk 0:01:59]} 28. Bxf5 {[%clk 0:00:57]}  Rxa2 {[%clk 0:01:52]} 29. Rc3 {[%clk 0:00:48]}  g6 {[%clk 0:01:52]} 30. Bxe6 {[%clk 0:00:43]}  fxe6 {[%clk 0:01:53]} 31. Rc8+ {[%clk 0:00:40]}  Kf7 {[%clk 0:01:51]} 32. Rc7+ {[%clk 0:00:40]}  Kg8 {[%clk 0:01:48]} 33. Rc6 {[%clk 0:00:38]}  Bb4 {[%clk 0:01:45]} 34. Rxe6 {[%clk 0:00:36]}  Kf7 {[%clk 0:01:45]} 35. Rf6+ {[%clk 0:00:35]}  Kg7 {[%clk 0:01:46]} 36. Rc6 {[%clk 0:00:31]}  Rb2 {[%clk 0:01:43]} 37. e6 {[%clk 0:00:29]}  Rxb3 {[%clk 0:01:42]} 38. Bd4+ {[%clk 0:00:25]}  Kf8 {[%clk 0:01:40]} 39. Bf6 {[%clk 0:00:22]}  Rc3 {[%clk 0:01:25]} 40. Bxc3 {[%clk 0:00:20]}  Ke7 {[%clk 0:01:25]} 41. Bxb4+ {[%clk 0:00:19]}  axb4 {[%clk 0:01:26]} 42. Rb6 {[%clk 0:00:20]}  Kf6 {[%clk 0:01:26]} 43. Rxb4 {[%clk 0:00:20]}  Kxe6 {[%clk 0:01:26]} 44. Rb6+ {[%clk 0:00:21]}  Kf5 {[%clk 0:01:26]} 45. Kg2 {[%clk 0:00:21]}  h5 {[%clk 0:01:26]} 46. Kf3 {[%clk 0:00:21]}  Kg5 {[%clk 0:01:26]} 47. h4+ {[%clk 0:00:20]}  Kf5 {[%clk 0:01:27]} 48. Ke3 {[%clk 0:00:19]}  Ke5 {[%clk 0:01:27]} 49. Rb5+ {[%clk 0:00:19]}  Kf6 {[%clk 0:01:26]} 50. Kf4 {[%clk 0:00:19]}  Kg7 {[%clk 0:01:26]} 51. Kg5 {[%clk 0:00:19]}  Kf7 {[%clk 0:01:26]} 52. Rb7+ {[%clk 0:00:19]}  Ke6 {[%clk 0:01:27]} 53. Kxg6 {[%clk 0:00:19]}  Ke5 {[%clk 0:01:27]} 54. Kg5 {[%clk 0:00:19]}  Ke4 {[%clk 0:01:28]} 55. Kxh5 {[%clk 0:00:20]}  Kf3 {[%clk 0:01:29]} 56. g4 {[%clk 0:00:19]}  Kxf2 {[%clk 0:01:29]} 57. g5 {[%clk 0:00:20]}  Kg3 {[%clk 0:01:30]} 58. g6 {[%clk 0:00:21]}  Kf4 {[%clk 0:01:31]} 59. g7 {[%clk 0:00:22]}  Ke5 {[%clk 0:01:32]} 60. g8=Q {[%clk 0:00:23]}  Kf6 {[%clk 0:01:33]} 61. Qg7+ {[%clk 0:00:23]}  Kf5 {[%clk 0:01:33]} 62. Rb5+ {[%clk 0:00:22]}  Kf4 {[%clk 0:01:33]} 63. Qg4+ {[%clk 0:00:21]}  Ke3 {[%clk 0:01:33]} 64. Rb3+ {[%clk 0:00:21]}  Kf2 {[%clk 0:01:33]} 65. Qf3+ {[%clk 0:00:21]}  Kg1 {[%clk 0:01:33]} 66. Qd1+ {[%clk 0:00:19]}  Kh2 {[%clk 0:01:34]} 1-0

[Event "April 9 Early 2024"]
[Site "Chess.com"]
[Date "2024.04.09"]
[Round "9"]
[White "Kriti Mayur Patel"]
[Black "Dovzik, Juri"]
[Result "0-1"]
[Board "200"]
[WhiteFideId "35061780"]
[BlackFideId "14100223"]
[WhiteTitle "WCM"]
[BlackTitle "IM"]
[WhiteElo "2172"]
[BlackElo "2109"]
[WhiteTeam "IND"]
[BlackTeam "UKR"]
[WhiteClock "0:00:12"]
[BlackClock "0:00:17"]
[Variant "Standard"]

1. e4 {[%clk 0:03:00]}  c6 {[%clk 0:02:58]} 2. d4 {[%clk 0:03:00]}  Na6 {[%clk 0:02:58]} 3. Bxa6 {[%clk 0:02:57]}  Qa5+ {[%clk 0:02:58]} 4. c3 {[%clk 0:02:53]}  Qxa6 {[%clk 0:02:57]} 5. Ne2 {[%clk 0:02:53]}  d5 {[%clk 0:02:51]} 6. e5 {[%clk 0:02:48]}  e6 {[%clk 0:02:47]} 7. O-O {[%clk 0:02:48]}  c5 {[%clk 0:02:42]} 8. f4 {[%clk 0:02:42]}  Nh6 {[%clk 0:02:32]} 9. Nd2 {[%clk 0:02:38]}  Nf5 {[%clk 0:02:27]} 10. Nf3 {[%clk 0:02:31]}  Be7 {[%clk 0:02:20]} 11. Kh1 {[%clk 0:02:26]}  h5 {[%clk 0:02:16]} 12. a4 {[%clk 0:02:11]}  Bd7 {[%clk 0:02:08]} 13. b3 {[%clk 0:01:58]}  Bb5 {[%clk 0:01:51]} 14. Rf2 {[%clk 0:01:40]}  Bd3 {[%clk 0:01:44]} 15. Bd2 {[%clk 0:01:29]}  h4 {[%clk 0:01:38]} 16. b4 {[%clk 0:01:20]}  cxb4 {[%clk 0:01:26]} 17. cxb4 {[%clk 0:01:19]}  Ng3+ {[%clk 0:01:17]} 18. hxg3 {[%clk 0:00:44]}  hxg3+ {[%clk 0:01:17]} 19. Kg1 {[%clk 0:00:40]}  gxf2+ {[%clk 0:01:16]} 20. Kxf2 {[%clk 0:00:41]}  Bxe2 {[%clk 0:01:13]} 21. Qxe2 {[%clk 0:00:40]}  Qxe2+ {[%clk 0:01:13]} 22. Kxe2 {[%clk 0:00:41]}  Rc8 {[%clk 0:01:12]} 23. Kd3 {[%clk 0:00:37]}  Rc4 {[%clk 0:01:08]} 24. b5 {[%clk 0:00:34]}  Kd7 {[%clk 0:01:05]} 25. g4 {[%clk 0:00:25]}  Rhc8 {[%clk 0:00:53]} 26. f5 {[%clk 0:00:24]}  Bb4 {[%clk 0:00:48]} 27. Rh1 {[%clk 0:00:16]}  Bxd2 {[%clk 0:00:44]} 28. Nxd2 {[%clk 0:00:16]}  Rxa4 {[%clk 0:00:35]} 29. Rh7 {[%clk 0:00:17]}  Ra3+ {[%clk 0:00:34]} 30. Ke2 {[%clk 0:00:16]}  Rc2 {[%clk 0:00:27]} 31. fxe6+ {[%clk 0:00:12]}  Kxe6 {[%clk 0:00:23]} 32. Kd1 {[%clk 0:00:12]}  Raa2 {[%clk 0:00:20]} 33. Rxg7 {[%clk 0:00:12]}  Rxd2+ {[%clk 0:00:19]} 34. Ke1 {[%clk 0:00:12]}  Rh2 {[%clk 0:00:18]} 35. g5 {[%clk 0:00:12]}  Ra1# {[%clk 0:00:17]} 0-1

[Event "April 9 Early 2024"]
[Site "Chess.com"]
[Date "2024.04.09"]
[Round "10"]
[White "Vakhlamov, Igor L."]
[Black "Javakhadze, Zurab"]
[Result "0-1"]
[Board "25"]
[WhiteFideId "24126748"]
[BlackFideId "13603647"]
[WhiteTitle "FM"]
[BlackTitle "IM"]
[WhiteElo "2890"]
[BlackElo "2718"]
[WhiteTeam "RUS"]
[BlackTeam "GEO"]
[WhiteClock "0:00:42"]
[BlackClock "0:00:07"]
[Variant "Standard"]

1. e4 {[%clk 0:03:00]}  e5 {[%clk 0:02:54]} 2. Nf3 {[%clk 0:02:59]}  Nc6 {[%clk 0:02:54]} 3. Nc3 {[%clk 0:03:00]}  Nf6 {[%clk 0:02:54]} 4. Bb5 {[%clk 0:03:00]}  Bb4 {[%clk 0:02:53]} 5. Nd5 {[%clk 0:03:01]}  Ba5 {[%clk 0:02:40]} 6. O-O {[%clk 0:03:00]}  O-O {[%clk 0:02:26]} 7. d4 {[%clk 0:02:52]}  Nxd5 {[%clk 0:02:18]} 8. exd5 {[%clk 0:02:52]}  Nxd4 {[%clk 0:02:18]} 9. Nxd4 {[%clk 0:02:53]}  exd4 {[%clk 0:02:18]} 10. Qxd4 {[%clk 0:02:53]}  d6 {[%clk 0:02:18]} 11. c3 {[%clk 0:02:16]}  Bf5 {[%clk 0:02:16]} 12. Re1 {[%clk 0:02:16]}  Bb6 {[%clk 0:02:14]} 13. Qf4 {[%clk 0:02:15]}  Bg6 {[%clk 0:02:03]} 14. Bd2 {[%clk 0:02:12]}  a6 {[%clk 0:02:02]} 15. Ba4 {[%clk 0:02:12]}  Ba7 {[%clk 0:01:37]} 16. h4 {[%clk 0:02:08]}  b5 {[%clk 0:01:35]} 17. Bb3 {[%clk 0:02:09]}  Qd7 {[%clk 0:01:30]} 18. Bd1 {[%clk 0:02:02]}  Qf5 {[%clk 0:01:20]} 19. Re7 {[%clk 0:01:38]}  Bb6 {[%clk 0:01:13]} 20. h5 {[%clk 0:01:29]}  Qxf4 {[%clk 0:01:12]} 21. Bxf4 {[%clk 0:01:30]}  Bd3 {[%clk 0:01:12]} 22. h6 {[%clk 0:01:29]}  Rfe8 {[%clk 0:01:09]} 23. Rxe8+ {[%clk 0:01:27]}  Rxe8 {[%clk 0:01:10]} 24. Bf3 {[%clk 0:01:27]}  g6 {[%clk 0:00:54]} 25. a4 {[%clk 0:01:27]}  f6 {[%clk 0:00:50]} 26. axb5 {[%clk 0:01:27]}  axb5 {[%clk 0:00:51]} 27. Rd1 {[%clk 0:01:25]}  Bc2 {[%clk 0:00:44]} 28. Rc1 {[%clk 0:01:23]}  Bd3 {[%clk 0:00:44]} 29. Rd1 {[%clk 0:01:14]}  Bc2 {[%clk 0:00:43]} 30. Rd2 {[%clk 0:01:13]}  Re1+ {[%clk 0:00:39]} 31. Kh2 {[%clk 0:01:13]}  Be4 {[%clk 0:00:40]} 32. Be2 {[%clk 0:01:13]}  Bxf2 {[%clk 0:00:34]} 33. Bxb5 {[%clk 0:01:09]}  Bg1+ {[%clk 0:00:33]} 34. Kh3 {[%clk 0:01:05]}  Kf7 {[%clk 0:00:32]} 35. Bd7 {[%clk 0:00:52]}  g5 {[%clk 0:00:29]} 36. Bg3 {[%clk 0:00:46]}  Re3 {[%clk 0:00:24]} 37. Bg4 {[%clk 0:00:35]}  f5 {[%clk 0:00:19]} 38. Bh5+ {[%clk 0:00:35]}  Kf6 {[%clk 0:00:19]} 39. Re2 {[%clk 0:00:35]}  g4+ {[%clk 0:00:14]} 40. Bxg4 {[%clk 0:00:30]}  fxg4+ {[%clk 0:00:15]} 41. Kxg4 {[%clk 0:00:30]}  Rxe2 {[%clk 0:00:16]} 42. Bf2 {[%clk 0:00:30]}  Rxf2 {[%clk 0:00:15]} 43. c4 {[%clk 0:00:31]}  Rxg2+ {[%clk 0:00:15]} 44. Kf4 {[%clk 0:00:31]}  Bd3 {[%clk 0:00:11]} 45. b4 {[%clk 0:00:32]}  Bxc4 {[%clk 0:00:09]} 46. b5 {[%clk 0:00:33]}  Bxb5 {[%clk 0:00:06]} 47. Ke4 {[%clk 0:00:34]}  Rh2 {[%clk 0:00:06]} 48. Kf4 {[%clk 0:00:35]}  Rxh6 {[%clk 0:00:06]} 49. Kg4 {[%clk 0:00:35]}  Rg6+ {[%clk 0:00:06]} 50. Kf4 {[%clk 0:00:35]}  Bh2+ {[%clk 0:00:05]} 51. Kf3 {[%clk 0:00:36]}  Be5 {[%clk 0:00:06]} 52. Ke4 {[%clk 0:00:37]}  h5 {[%clk 0:00:06]} 53. Kf3 {[%clk 0:00:38]}  h4 {[%clk 0:00:06]} 54. Ke4 {[%clk 0:00:39]}  h3 {[%clk 0:00:07]} 55. Ke3 {[%clk 0:00:40]}  h2 {[%clk 0:00:07]} 56. Kf2 {[%clk 0:00:41]}  c6 {[%clk 0:00:07]} 57. Ke3 {[%clk 0:00:41]}  h1=Q {[%clk 0:00:07]} 58. Kd2 {[%clk 0:00:42]}  Rg2+ {[%clk 0:00:07]} 59. Ke3 {[%clk 0:00:42]}  Qh3+ {[%clk 0:00:08]} 60. Ke4 {[%clk 0:00:42]}  Rg4# {[%clk 0:00:07]} 0-1